LEADER 03499nam 2200601 450 001 000014320 005 20050718115500.0 010 $a3-540-12915-4 100 $a20030619d1984----km-y0itay0103----ba 101 0 $aeng 102 $aDE 200 1 $aQuantum probability and applications to the quantum theory of irreversible processes$eproceedings of the International workshop held at Villa Mondragone, Italy, September 6-11, 1982$fedited by L. Accardi, A. Frigerio and V. Gorini 210 $aBerlin [etc.]$cSpringer$d1984 215 $aVI, 411 p.$d25 cm. 225 2 $aLecture notes in mathematics$v1055 410 0$12001$aLecture notes in mathematics 606 $aTeoria dei quanti$xCongressi 606 $aProcesso stocastico$xCongressi 606 $aCatene di Markov$xCongressi 676 $a530.12$v(21. ed.)$9Fisica. Meccanica quantistica (Teoria dei quanti) 691 $a46L51$9Functional analysis. Selfadjoint operator algebras (C*-algebras, von Neumann (W*-)algebras, etc.). Noncommutative measure and integration 691 $a46L52$9Functional analysis. Selfadjoint operator algebras (C*-algebras, von Neumann (W*-)algebras, etc.). Noncommutative function spaces 691 $a46L53$9Functional analysis. Selfadjoint operator algebras (C*-algebras, von Neumann (W*-)algebras, etc.). Noncommutative probability and statistics 691 $a46L54$9Functional analysis. Selfadjoint operator algebras (C*-algebras, von Neumann (W*-)algebras, etc.). Free probability and free operator algebras 691 $a46L55$9Functional analysis. Selfadjoint operator algebras (C*-algebras, von Neumann (W*-)algebras, etc.). Noncommutative dynamical systems 691 $a46L60$9Functional analysis. Selfadjoint operator algebras (C*-algebras, von Neumann (W*-)algebras, etc.). Applications of selfadjoint operator algebras to physics 691 $a47D07$9Groups and semigroups of linear operators, their generalizations and applications. Markov semigroups and applications to diffusion processes 691 $a47L90$9Operator theory. Linear spaces and algebras of operators. Applications of operator algebras to physics 691 $a47N50$9Operator theory. Applications in quantum physics 691 $a47N55$9Operator theory. Applications in statistical physics 691 $a60Gxx$9Stochastic processes 691 $a60Hxx$9Probability theory and stochastic processes. Stochastic analysis 691 $a60Jxx$9Probability theory and stochastic processes. Markov processes 691 $a81-XX$9Quantum theory 691 $a82-XX$9Statistical mechanics, structure of matter 702 1$aAccardi,$bLuigi 702 1$aFrigerio,$bA. 702 1$aGorini,$bV. 712 12$aWorkshop on quantum probability and application to the quantum theory of irreversible processes$f<1982$e; Villa Mondragone> 801 0$aIT$bUniversità della Basilicata - B.I.A.$gRICA$2unimarc 912 $a000014320 996 $aQuantum probability and applications to the quantum theory of irreversible processes$980005 997 $aUNIBAS BAS $aMONSCI BAS $aSCIENZE CAT $aEXT003$b01$c20030619$lBAS01$h1056 CAT $c20050601$lBAS01$h1755 CAT $abatch$b01$c20050718$lBAS01$h1052 CAT $c20050718$lBAS01$h1111 CAT $c20050718$lBAS01$h1141 CAT $c20050718$lBAS01$h1155 FMT Z30 -1$lBAS01$LBAS01$mBOOK$1BASA2$APolo Tecnico-Scientifico$2GEN$BCollezione generale$3MAT$658548$5S58548$820030619$f51$FRiservati LEADER 01158nam a2200241 i 4500 001 991001831439707536 008 121002s1996 it 000 0 ita d 035 $ab1407767x-39ule_inst 040 $aDip.to Lingue$bita 082 0 $a418.02 245 00$aTradurre i linguaggi settoriali :$bAtti del Seminario di Anglistica nell'ambito del progetto strategico CNR "I problemi della traduzione nell'Italia dell'Europa" /$ca cura di Giuseppina Cortese 260 $aTorino :$bLibreria Cortina,$c1996 300 $a351 p. ;$c21 cm 500 $aAtti del Seminario di Anglistica nell'ambito del progetto strategico CNR "I problemi della traduzione nell'Italia dell'Europa", Università degli studi di Torino, Facoltà di scienze politiche 27-28 maggio 1993 650 4$aTraduzione 650 4$aInterpretariato 700 1 $aCorte, Giuseppina 907 $a.b1407767x$b02-04-14$c02-10-12 912 $a991001831439707536 945 $aLE012 418.02 TRU$g1$i2012000440036$lle012$o-$pE0.00$q-$rl$s- $t0$u5$v0$w5$x0$y.i15449476$z22-10-12 996 $aTradurre i linguaggi settoriali$9240801 997 $aUNISALENTO 998 $ale012$b02-10-12$cm$da $e-$fita$git $h0$i0